LEADER 00961nam0-2200313---450- 001 990008701690403321 005 20080904130218.0 035 $a000870169 035 $aFED01000870169 035 $a(Aleph)000870169FED01 035 $a000870169 100 $a20080904d1920----km-y0itay50------ba 101 0 $aita 102 $aIT 105 $ay-------001yy 200 1 $a<>concetto di regioni e di confini nella sistematica geografica$fGiuseppe Ricchieri 210 $aBologna$cZanichelli$d1920 215 $a11 p.$d24 cm 300 $aEstr. da: Scientia : rivista di Scienze. Serie II, v. 28, n. 7 610 0 $aRegioni 610 0 $aConfini 700 1$aRicchieri,$bGiuseppe$f<1861-1926>$075697 801 0$aIT$bUNINA$gRICA$2UNIMARC 901 $aBK 912 $a990008701690403321 952 $aMisc.024-017$bIst. s.i.$fILFGE 959 $aILFGE 996 $aConcetto di regioni e di confini nella sistematica geografica$9719446 997 $aUNINA LEADER 01449oam 2200397z- 450 001 9910135235103321 005 20241212220942.0 010 $a9781479923236 010 $a1479923230 035 $a(CKB)3780000000082237 035 $a(EXLCZ)993780000000082237 100 $a20220628c2014uuuu -u- - 101 0 $aeng 200 10$a2014 IEEE 13th International Workshop on Advanced Motion Control (AMC 2014) $eYokohama, Japan, 14-16 March 2014 210 $cIEEE 311 08$a9781479957637 311 08$a1479957631 517 $a2014 IEEE 13th International Workshop on Advanced Motion Control (AMC) 517 $a2014 IEEE 13th International Workshop on Advanced Motion Control 517 $aAdvanced Motion Control 606 $aIntelligent control systems$vCongresses 606 $aMotion control devices$vCongresses 606 $aElectric controllers$vCongresses 606 $aElectric motors$xAutomatic control$vCongresses 606 $aRobots$xControl systems$vCongresses 606 $aServomechanisms$vCongresses 615 0$aIntelligent control systems 615 0$aMotion control devices 615 0$aElectric controllers 615 0$aElectric motors$xAutomatic control 615 0$aRobots$xControl systems 615 0$aServomechanisms 906 $aPROCEEDING 912 $a9910135235103321 996 $a2014 IEEE 13th International Workshop on Advanced Motion Control (AMC 2014)$92884603 997 $aUNINA